00891nam a2200121 a 450000100080000000500110000800800410001910000280006024500540008826001030014252005110024565000130075610697872023-05-16 2008 bl uuuu u00u1 u #d1 aNASCIMENTO, H. T. S. do aO Complexo de Campo Maior.h[electronic resource] aDisponível em: <http://www.agrosoft.org.br/?q=node/100576 >. Acesso em: 14 abr. 2008.c2008 aMuito embora responsável pela alimentação de um grande número de animais, ao longo de muitos anos a pastagem nativa do Complexo de Campo Maior não é manejada adequadamente. Neste complexo, não são observadas as práticas mais simples de manejo de pastagem. Considerando a fragilidade do complexo, onde predominam solos rasos e/ou de baixa fertilidade natural, é necessário que uma cobertura mínima de matéria orgânica seja preservada para que esta pastagem possa ser manejada sustentavelmente. aPastagem